书目信息 |
| 题名: |
一千零一夜世界奇谈
|
|
| 作者: | 庄司浅水 著 ;李荣标 译 | |
| 分册: | ||
| 出版信息: | 北京 世界知识出版社 1985 |
|
| 页数: | 214页 | |
| 开本: | 19cm | |
| 丛书名: | ||
| 单 册: | ||
| 中图分类: | I313.65 , I313.6 | |
| 科图分类: | ||
| 主题词: | 科学小品--日本--现代 | |
| 电子资源: | ||
| ISBN: | ||
| 000 | 00687nam0 2200241 450 | |
| 001 | 1538717425 | |
| 005 | 20150125104531.98 | |
| 010 | @dCNY0.90 | |
| 091 | @a7003.118 | |
| 100 | @a19901105d1985 em y0chiy0110 ea | |
| 101 | 1 | @achi@cjpn |
| 102 | @aCN@b110000 | |
| 105 | @ay z 000zy | |
| 200 | 1 | @a一千零一夜世界奇谈@9yi qian ling yi ye shi jie qi tan@f(日)庄司浅水著@g李荣标译 |
| 210 | @a北京@c世界知识出版社@d1985 | |
| 215 | @a214页@d19cm | |
| 606 | 0 | @a科学小品@y日本@z现代 |
| 690 | @aI313.65@v5 | |
| 690 | @aI313.6@v4 | |
| 701 | 0 | @c(日)@a庄司浅水@9zhuang si jian shui@4著 |
| 702 | 0 | @a李荣标@9li rong biao@4译 |
| 801 | 0 | @aCN@bTSSF@c20150125 |
| 905 | @aZUCC@dI313.6@eJY52 | |
| 一千零一夜世界奇谈/(日)庄司浅水著/李荣标译.-北京:世界知识出版社,1985 |
| 214页;19cm |
| ISBN :CNY0.90 |
| ● |
| 相关链接 |
|
|
|
|
正题名:一千零一夜世界奇谈
索取号:I313.6/JY52
 
预约/预借
| 序号 | 登录号 | 条形码 | 馆藏地/架位号 | 状态 | 备注 |
| 1 | 7855128 | 278551283 | 学院路分馆/ [索取号:I313.6/JY52] | 在馆 |